<?xml version="1.0" encoding="UTF-8"?>
<record
    xmlns:xsi="http://www.w3.org/2001/XMLSchema-instance"
    xsi:schemaLocation="http://www.loc.gov/MARC21/slim http://www.loc.gov/standards/marcxml/schema/MARC21slim.xsd"
    xmlns="http://www.loc.gov/MARC21/slim">

  <leader>00655cam a22002171  4500</leader>
  <controlfield tag="001">af 47006989 </controlfield>
  <controlfield tag="003">DLC</controlfield>
  <controlfield tag="005">20260227110840.0</controlfield>
  <controlfield tag="008">780425s1942    ne            000 1 dut c</controlfield>
  <datafield tag="010" ind1=" " ind2=" ">
    <subfield code="a">af 47006989 </subfield>
  </datafield>
  <datafield tag="040" ind1=" " ind2=" ">
    <subfield code="a">Cornell Univ. Library</subfield>
    <subfield code="c">NIC</subfield>
    <subfield code="d">DLC</subfield>
  </datafield>
  <datafield tag="041" ind1="1" ind2=" ">
    <subfield code="a">dut</subfield>
    <subfield code="h">ice</subfield>
  </datafield>
  <datafield tag="050" ind1="0" ind2="0">
    <subfield code="a">PT7511.L3</subfield>
    <subfield code="b">L5</subfield>
  </datafield>
  <datafield tag="100" ind1="0" ind2=" ">
    <subfield code="a">Halld&#xF3;r Laxness,</subfield>
    <subfield code="d">1902-1998.</subfield>
  </datafield>
  <datafield tag="240" ind1="1" ind2="0">
    <subfield code="a">Heimslj&#xF3;s.</subfield>
    <subfield code="l">Dutch</subfield>
  </datafield>
  <datafield tag="245" ind1="1" ind2="4">
    <subfield code="a">Het licht der wereld.</subfield>
    <subfield code="c">Geautoriseerde vertaling uit het IJslandsch van Annie Posthumus.</subfield>
  </datafield>
  <datafield tag="260" ind1=" " ind2=" ">
    <subfield code="a">Den Haag,</subfield>
    <subfield code="b">A. M. C. Stok</subfield>
    <subfield code="c">[1942]</subfield>
  </datafield>
  <datafield tag="300" ind1=" " ind2=" ">
    <subfield code="a">231 p.</subfield>
    <subfield code="b">col. front.</subfield>
    <subfield code="c">24 cm.</subfield>
  </datafield>
  <datafield tag="440" ind1=" " ind2="0">
    <subfield code="a">Cultuur-serie</subfield>
  </datafield>
  <datafield tag="700" ind1="1" ind2=" ">
    <subfield code="a">Posthumus, Annie,</subfield>
    <subfield code="e">tr.</subfield>
  </datafield>
  <datafield tag="999" ind1=" " ind2=" ">
    <subfield code="c">3783</subfield>
    <subfield code="d">3783</subfield>
  </datafield>
</record>
